000 00399nam a2200157Ia 4500
008 230917s9999||||xx |||||||||||||| ||und||
040 _e246970
_aMAIN
041 _aEnglish
082 _a327 G341I
100 _aGhai, U.R.
245 0 _aInternational politics : theory and practice
250 _a4th ed.
260 _aJalandhar
_bNew Academic Publishing
_c1993
300 _av. p.
942 _cBK
999 _c168678
_d168678